| 000 | 01884nam a2200253Ia 4500 | ||
|---|---|---|---|
| 999 |
_c56413 _d56413 |
||
| 001 | 23526 | ||
| 003 | GE_BSU | ||
| 005 | 20221214103213.0 | ||
| 008 | 181216s1973ge xx |||||||||||||| ||geo|| | ||
| 040 | _cGE_BSU | ||
| 041 | _ageo | ||
| 080 | _a94(479.22)(093) + 930.2(479.22) ქ-27 | ||
| 245 |
_aქართლის ცხოვრება. ტ. 4 : _b ბატონიშვილი ვახუშტი. აღწერა სამეფოსი საქართველოსა / _cტექსტი დადგენილი ყველა ძირითადი ხელნაწერის მიხედვით ს. ყაუხჩიშვილის მიერ. რედ. ს. ყაუხჩიშვილი. მხატვ. გ. ნადირაძე |
||
| 264 |
_aთბილისი : _bსაბჭ. საქართველო, _c1973. |
||
| 300 |
_a1102 გვ. _b26 სმ. |
||
| 501 | _aლექსიკონი და საძიებელი: გვ. 917-1102. | ||
| 520 | _aპარალ. სათ. რუს. ენ. | ||
| 653 | _aისტორია | ||
| 653 | _aსაქართველოს ისტორიის წყაროები | ||
| 653 | _aქართლის ცხოვრება. ტ. 4 : ბატონიშვილი ვახუშტი. აღწერა სამეფოსი საქართველოსა | ||
| 700 |
_aყაუხჩიშვილი, ს _eტექსტი დადგენილი ყველა ძირითადი ხელნაწერის მიხედვით _98037 |
||
| 711 |
_aსაქართველოს სსრ მეცნიერებათა აკადემია, აღმოსავლეთმცოდნეობის ინსტიტუტი. _916393 |
||
| 942 |
_cBK _2udc |
||